LEADER 01147nam a2200277 i 4500 001 000000150233 003 CaOOAMICUS 005 20060626000000.0 008 060626s1980 fr u000 u fre u 013 $a127571 040 $aSeMil$bita 100 1 $aSoljénitsyne, Alexandre.$0(OLS)http://semarc/name/36621 245 12$aL'erreur de l'Occident /$cAlexandre Soljénitsyne ; textes traduits du russe par Nikita Struve et Geneviève et José Johannet. 260 $aParis :$bGrasset,$ccopyr. 1980. 300 $a126 p. ;$c21 cm. 500 $aFondo Ciprandi. 650 4$aComunismo.$0(OLS)http://semarc/subject/9741 700 1 $aJohannet, José <1924->.$0(OLS)http://semarc/name/59295 700 1 $aJohannet, Geneviève.$0(OLS)http://semarc/name/59294 700 1 $aStruve, Nikita <1931-2016>.$0(OLS)http://semarc/name/30719 850 $aSeMil 852 $aSeMil$W1$xVenegono$y1$m3N II 587$j102391$B102391$CSeMilBibl$Z2$F113587 $81 941 1 $a1 961 $aOmaggio: Ciprandi dott. Paolo 996 $6245$aL'erreur de l'Occident$9(OLS)http://semarc/title/219685 996 $6260$aParis :$bGrasset$9(OLS)http://semarc/publisher/32984 LEADER 00882nam a2200193 i 4500 001 000000067455 003 CaOOAMICUS 005 20130607000000.0 008 130607s1777 it u000 u ita u 013 $a38627 026 $ar-n- roi. dia: tave (3) 1777 (R) 040 $aSeMil$bita 245 10$aTomo 1. 300 $aXII, 359, [1] p., [1] carta di tav. :$britr. calcogr. 500 $aRitr. calcogr. di Vittorio Amedeo re di Sardegna sottoscritto Ocelli inc. - Segn. : *6 A-Y8 Z4(Z4v bianca). 773 0 $aRobbio di San Raffaele, Carlo Luigi Benvenuto$tDella falsa filosofia alla sacra real maestà di Vittorio Amedeo re di Sardegna, ec. Tomo 1. [-2.].$dTorino : Nella stamperia di Giambatista Fontana, 1777.$g1$w()13900 850 $aSeMil 852 $aSeMil$W1$xVenegono$y1$m2O I 52 FA$j33608$B33608$CSeMilBibl$Z2$F33611 $8I 996 $6245$aTomo 1$9(OLS)http://semarc/title/46685